000 00439nam a22001697a 4500
003 OSt
008 241125b |||||||| |||| 00| 0 eng d
082 _a631.58605
_bC27A
100 _aCentral Research Institute for Dryland Agriculture
245 _aAnnual Report, 2009-10
260 _aSantoshnagar ,Hyderabad
_c2010
300 _aXII,138p
650 _aAnnual Report
650 _aCRIDA
650 _aSantoshnagar
942 _2ddc
_cRP
999 _c47123
_d47123